000 00555nam a22001937a 4500
003 koha_MIRAKIL
005 20260414105205.0
008 260414b tur||||| |||| 00| 0 tur d
020 _a9786059781510
040 _aTR-IsEVY
_btur
_cTR-IsEVY
082 _aFIC LIA/A
100 _aLia, Simone
245 0 _aArkadaş olalım mı? /
_cSimone Lia.
250 _a2. bs.
260 _aİstanbul :
_bRedhouse Kidz,
_c2017.
300 _a183 s. :
_brenkli resimli ;
_c18 cm.
650 _aÇocuk Edebiyatı.
_vÇocuk Romanı.
_vArkadaşlık.
942 _2ddc
_cBK
999 _c23462
_d23462